[Event "Olympiad-40"]
[Site "Istanbul"]
[Date "2012.09.09"]
[Round "11.1"]
[White "Mchedlishvili, Mikheil"]
[Black "Hansen, Sune Berg"]
[Result "1/2-1/2"]
[WhiteElo "2659"]
[BlackElo "2577"]
[Annotator "Krasenkow,M"]
[PlyCount "77"]
[EventDate "2012.08.28"]
[EventType "team-swiss"]
[EventRounds "11"]
[EventCountry "TUR"]
[SourceTitle "CBM 151"]
[Source "ChessBase"]
[SourceDate "2012.11.13"]
[SourceVersion "1"]
[SourceVersionDate "2012.11.13"]
[SourceQuality "1"]
[WhiteTeam "Georgia"]
[BlackTeam "Denmark"]
[WhiteTeamCountry "GEO"]
[BlackTeamCountry "DEN"]

1. d4 d5 2. c4 c6 3. Nc3 Nf6 4. e3 e6 5. Nf3 Nbd7 6. Bd3 dxc4 7. Bxc4 b5 8. Bd3
a6 9. e4 c5 10. d5 Bb7 11. O-O Qc7 12. Bc2 Bd6 13. dxe6 fxe6 14. Ng5 Nf8 15. f4
O-O-O 16. Qe2 h6 17. Nf3 Bxf4 18. e5 Bxf3 19. Qxf3 Bxe5 20. Qa8+ Kd7 21. Qxa6 {
A well-known forced line, especially popular among correspondence players.
Chances are approximately equal.} Bxh2+ (21... b4 $5 {may be more accurate:}
22. Nb5 (22. Ne4 Ke7 23. Be3 Nxe4 24. Bxe4 {1-0 Koneru,H (2503)-Zhukova,N 
(2481)/Mallorca 2004/CBM 102 ext (43)} Nd7 $13) 22... Qc6 23. Rd1+ Nd5 24.
Rxd5+ $5 Qxd5 (24... exd5 {1/2 Shields,G (2282)-Kotlyanskiy,E (2375)/LSS 2008/
Telechess CBM 131}) 25. Be3 Ke7 26. Na7 Kf7 27. Nc6 Rd7 28. Bb3 Qe4 29. Bxc5
Bf4 30. Rf1 Kg6 31. Bxb4 Rc7 32. Rxf4 Qxf4 33. Qd3+ Kf7 34. Bd2 Qf6 35. Bc3 Qf4
$11 {1/2 Fages,J (2188)-Markus,R (2209)/Lechenicher SchachServer 2010/CBM 143 
(52)}) 22. Kh1 Ke7 (22... b4 $5 23. Ne2 $1 (23. Nb5 $6 Qe5 24. Ba4 Ke7 25. Na7
Qh5 26. Nc6+ Kf7 27. Nxd8+ Kg8 28. g3 Bxg3+ 29. Kg2 Bc7 $40 {0-1 Grube,F (2044)
-Kracht,J (2376)/Lechenicher SchachServer 2011/CBM 145 (38)}) 23... Ke7 $13)
23. Qxb5 $2 {After this natural move Black seizes the initiative.} (23. Be3 Qe5
(23... b4 $5 24. Nb5 Qe5) 24. Rf3 b4 $5 (24... Bg3 25. Qxb5 N8d7 26. Bg6 h5 27.
Rd1 $16 {1-0 Mamedyarov,S (2726)-Esen,B (2575)/Konya TUR 2012/The Week in
Chess 924 (50)}) (24... N8d7 25. Re1 Qd6 26. Qxb5 Rb8 27. Qe2 Bg3 28. Rd1 Qe5
29. Bb3 Rb4 30. Bxe6 $1 Qxe6 31. Rxg3 Kf7 32. Qc2 Rg4 $11 {1/2 Graf,A (2585)
-Dreev,A (2640)/Groningen 1997/CBM 063/[Lutz](36)}) 25. Na4 (25. Nb5 Kf7 (25...
Bg3 26. Kg1 Kf7 27. Raf1 Bh2+ 28. Kh1 Kg8 29. Qb6 Rb8 30. Qc6 Bg3 31. Kg1 $11 {
1/2 Boettcher,F (2208)-Kriksciunas,B (2314)/Lechenicher SchachServer 2008/
Telechess CBM 133 (42)}) 26. Na7 Rd5 27. Nc6 Qc7 28. Re1 N8d7 29. Bf2 Rd6 30.
Ba4 Be5 {0-1 Pech,J (1817)-Zacharov,O (2119)/Lechenicher SchachServer 2009/
Telechess CBM 135}) 25... N8d7 26. Rd1 (26. Re1 Rc8 27. Bf2 Qd6 28. Qe2 Be5 29.
Bg6 Rhd8 30. Rd3 Qc7 31. Re3 Kf8 $15 {0-1 Grkinic,G (2129)-Van der Kemp,M 
(2230)/Lechenicher SchachServer 2009/Telechess CBM 137 (64)}) 26... Rhf8 27.
Qc4 Nd5 28. Re1 Rxf3 29. Bxc5+ Nxc5 30. Rxe5 Bxe5 31. gxf3 Nxa4 32. Bxa4 Bxb2
$11 {1/2 SuperSongoku (2366)-Kepgav (2335)/playchess.com INT 2006/EXT 2007 (65)
}) (23. Nxb5 {?} Qe5 $19) 23... Qe5 $6 (23... Rd4 $1 {looks very dangerous for
White, e.g.} 24. Rf3 (24. Be3 $2 Rh4 25. Qxc5+ Bd6+) 24... Rh4 25. Rh3 Rxh3 26.
gxh3 c4 $17 {[%csl Rh1]}) 24. Qe2 (24. Rf3 Qe1+ 25. Qf1 Qxf1+ 26. Rxf1 Be5 $15
{1/2 Fernandez,P (800)-Loginov,P (2234)/Lechenicher SchachServer 2010/
Telechess CBM 141 (39)}) 24... Rd4 (24... N8d7 $5 25. a4 (25. Be3 Rb8) 25...
Rhf8 26. Bd2 Rb8 27. Rae1 $2 (27. b3 $17) 27... Rxb2 28. Qc4 Qd6 29. Nb5 Qd5
30. Qxd5 Nxd5 31. Rxf8 Kxf8 32. Na3 Be5 $19 {0-1 Frolyanov,D (2557)-Smirnov,P 
(2579)/Khanty-Mansiysk 2008/EXT 2010 (51)}) 25. Rf3 Rh4 26. Rh3 g5 $6 {A
strange decision.} (26... Qxe2 27. Nxe2 Rxh3 28. gxh3 Be5 29. a4 N8d7 30. a5
Nd5 {with a healthy (however, not easily convertible) extra pawn.}) 27. Rxh4
gxh4 28. a4 Rg8 29. Qxe5 Bxe5 {Black has obtained a similar position as in
annotations to move 24 but with weak doubled pawns. White has no problems
holding on.} 30. a5 N8d7 (30... Nh5 {creates no threats:} 31. a6 Ng3+ 32. Kg1
Bd4+ 33. Kh2 Nf1+ 34. Kh3) 31. a6 Ng4 32. Ne4 Rf8 33. Bd2 Bxb2 34. Rb1 Ndf6 (
34... Bd4 $142 35. Bd3 $1 $44) 35. Nxf6 (35. Nxc5 $5 {was possible. Black has
no mate, and White's a-pawn is quite dangerous:} Bd4 (35... Nh5 $2 36. Ne4) 36.
Nb3 Be5 37. a7 Ra8 (37... Nh5 $143 38. Bb4+ Bd6 39. Bxd6+ Kxd6 40. Nd4 Ng3+ 41.
Kg1 Kd5 42. Bf5 $1 {[%cal Rb1b8]} Kxd4 43. Bxg4 Ra8 44. Ra1 e5 45. Ra5) 38.
Bb4+ Kd7 $1 39. Bc5 Bd6 40. Bg1 $14 {[%csl Ga7]}) 35... Bxf6 36. Bf4 Bd4 37.
Rb7+ $6 (37. Bb8 $142 Nf2+ 38. Kg1 $11) 37... Kf6 38. a7 Ra8 39. Bb8 (39. Bb8 {
Here Black could have continued fighting for a win:} c4 40. Rc7 c3 {[%cal
Ye6e5,Ye5e4] but, of course, a draw is hightly probable, e.g. after} 41. Rc4 e5
42. Rc8 Bxa7 43. Bxe5+ Kxe5 44. Rxa8 {, and it is enough for White to give up
his rook for Black's knight.}) 1/2-1/2

[Event "Czerniak Memorial 14th"]
[Site "Tel Aviv"]
[Date "1998.04.16"]
[Round "7"]
[White "Rabinovich, Alexander"]
[Black "Kundin, Alexander"]
[Result "1-0"]
[WhiteElo "2425"]
[BlackElo "2425"]
[Annotator "Kundin,A"]
[PlyCount "107"]
[EventDate "1998.04.09"]
[EventType "tourn"]
[EventRounds "9"]
[EventCountry "ISR"]
[EventCategory "9"]
[SourceTitle "CBM 065"]
[Source "ChessBase"]
[SourceDate "1998.08.06"]
[SourceVersion "1"]
[SourceVersionDate "1998.08.06"]
[SourceQuality "1"]

1. d4 d5 2. c4 c6 3. Nf3 Nf6 4. Nc3 e6 5. e3 Nbd7 6. Bd3 dxc4 7. Bxc4 b5 8. Bd3
a6 9. e4 c5 10. d5 c4 11. Bc2 Qc7 12. dxe6 fxe6 13. O-O Bc5 14. e5 Nxe5 15. Bf4
Bd6 16. Bxe5 Bxe5 17. Nxe5 Qxe5 18. Re1 Qc7 19. a4 b4 $2 {This move weakens
the whole black pawn formation,the pawns are to be lost.} (19... Rb8 $1 20.
axb5 axb5 21. Nxb5 Rxb5 22. Ba4 Qb8 23. Bxb5+ Qxb5 24. Qd6 Qd5 $11) 20. Nd5
Nxd5 21. Qxd5 Rb8 22. Qh5+ Qf7 23. Qc5 {[%csl Ga6,Gb4,Gc4,Ge6]} b3 (23... Qe7
24. Qxc4 O-O 25. Qe4 g6 26. Bb3 $16 {[%csl Ga6,Gb4,Ge6]}) 24. Be4 Bd7 25. Rad1
(25. Qxc4 $2 O-O $14) (25. Qd6 $5 Rc8 $8 (25... Rd8 26. Bc6 $1 $18 Bxc6 27.
Rxe6+) 26. Bd5 Qe7 27. Qxa6 O-O 28. Rxe6 (28. Bxe6+ Bxe6 29. Rxe6 Qc5 $16)
28... Bxe6 29. Bxe6+ Kh8 30. Bxc8 Qc5 $16) 25... Rc8 26. Qd6 Qe7 27. Qxa6 O-O
28. Qb7 $1 $16 {[%cal Ya4a8]} Rf7 {Black is trying to organize some kind of a
defence line,but his pieces are badly coordinated,and this strategy fails.} 29.
h3 $1 {No need to rush.} (29. a5 Qc5 30. Qb6 Qxb6 31. axb6 Bc6 {With chances
for draw.}) 29... Rcf8 30. a5 Qf6 (30... Qc5 31. Qb6 Qxf2+ (31... Qxb6 32. axb6
Bc8 33. f3 $18) 32. Qxf2 Rxf2 33. Rxd7 Rxb2 34. a6 $18) 31. Re2 {Black's
counter play is finished.} Bc8 32. Qb6 Qe7 33. Red2 Qa7 34. Rd8 Qxb6 35. axb6
Bb7 36. Rxf8+ Kxf8 {[%tqu "En","Find a good manoeuvre for white...","","",
"d1d8","",20]} 37. Rd8+ $1 Ke7 38. Rd4 $1 Ba6 (38... Rf4 39. f3 Bxe4 40. Rxe4
Rxe4 41. b7 $1 $18) 39. Bc6 c3 40. bxc3 Rf8 41. Rb4 Kd6 42. Be4 $18 h6 43. Rxb3
Rb8 44. b7 Bc4 45. Rb4 Kc5 46. f4 Bd5 47. Bxd5 exd5 48. Kf2 d4 49. Rxd4 Rxb7
50. Kf3 Rb3 51. Rd3 Kc4 52. Rd7 Rxc3+ 53. Kg4 h5+ 54. Kh4 1-0

[Event "Amsterdam Euwe Memorial"]
[Site "Amsterdam"]
[Date "1996.03.28"]
[Round "6"]
[White "Lautier, Joel"]
[Black "Gelfand, Boris"]
[Result "1-0"]
[WhiteElo "2630"]
[BlackElo "2700"]
[Annotator "Lautier,J"]
[PlyCount "63"]
[EventDate "1996.03.22"]
[EventType "tourn"]
[EventRounds "9"]
[EventCountry "NED"]
[EventCategory "18"]
[SourceTitle "CBM 052"]
[Source "ChessBase"]
[SourceDate "1996.06.01"]
[SourceVersion "1"]
[SourceVersionDate "1996.06.01"]
[SourceQuality "1"]

1. d4 {Baburin Ftacnik} d5 2. c4 c6 3. Nf3 Nf6 4. Nc3 e6 5. e3 Nbd7 6. Bd3 dxc4
7. Bxc4 b5 8. Bd3 Bb7 9. O-O a6 10. e4 c5 11. d5 c4 12. Bc2 Qc7 13. dxe6 fxe6
14. Nd4 $1 $146 {Important novelty} Nc5 15. Be3 $146 {/\ b2-b4->} (15. Qe2 {
Ftacnik} e5 16. Nf5 Ne6 (16... O-O-O $5 $13) 17. Rd1 Nd4 18. Nxd4 exd4 19. Rxd4
Bc5 20. Nd5 Bxd5 21. exd5+ Qe7 22. Rd2 Rd8 23. Qxe7+ Bxe7 24. a4 Nxd5 25. axb5
axb5 26. Be4 {1-0 Kozul,Z-Polajzer,D/Bled op (04)/1995/ (34)}) 15... O-O-O (
15... Nfxe4 {Ftacnik} 16. Nxe4 Nxe4 17. Nxe6 $16) 16. Qe2 e5 (16... Bd6 17. f4
e5 18. Ndxb5 $1 axb5 19. Nxb5 Qb6 20. Nxd6+ Qxd6 21. fxe5 (21. Qxc4) 21... Qxe5
22. Rf5 $18) 17. Nf3 (17. Ndxb5 $2 {Ftacnik} axb5 18. Nxb5 Qf7 19. Rfc1 Ba6 $17
) 17... Ncxe4 $2 $16 (17... Nd3 18. b3 (18. Rad1 Bb4 $1 $13 (18... Nxb2 19.
Rxd8+ Kxd8 (19... Qxd8 20. Nxe5 Qc7 21. Ng4 $36) 20. Bc1 $36)) 18... Bb4 19.
Nd5 $13) (17... b4 $5 {Ftacnik} 18. Nd5 (18. Na4 Nxa4 19. Bxa4 Bxe4 $15) 18...
Nxd5 19. exd5 Bxd5 20. Bg5 Re8 21. Rfd1 $36) 18. Nxe4 Nxe4 {Baburin: While
attacking the opponent's king, which is located on the opposite side to your
own monarch, it is very important to open up some files against it. If our
opponent has some pawns pushed forward from the king, it helps a lot, as such
pawns are natural targets and simply attract our pawns as a magnet. In this
position the black pawns on b5 and c4 help White to open lines on the Queen
side, and the White attack goes smoothly, despite some sacrifice of material.}
(18... Bxe4 $6 19. Bxe4 Nxe4 20. a4 $1 $16) 19. a4 $1 $40 (19. Bxe4 Bxe4 20.
Bb6 Bxf3 (20... Qxb6 21. Qxe4 $14) 21. Qe3 Qc6 22. Bxd8 Bxg2 23. Rfd1 Bf3)
19... Nc5 (19... b4 20. Rac1 Kb8 21. Bxe4 Bxe4 22. Bb6 Qxb6 23. Qxe4 $16) 20.
axb5 axb5 21. b3 $1 {Baburin: Following his policy to crack Black's positions
on the Queen side.} cxb3 (21... Be7 22. bxc4 b4 23. Rfb1 $40) (21... Nxb3 22.
Bxb3 cxb3 23. Rfc1 Bc6 24. Ra7 $18 (24. Ra6 $18 {Ftacnik})) 22. Bf5+ Kb8 (22...
Nd7 {Ftacnik} 23. Rfc1 Bc6 24. Ra6) 23. Qxb5 g6 (23... Rd5 24. Rfc1 g6 $140 25.
Be4) 24. Bh3 Rd5 (24... Bd6 {Ftacnik} 25. Rfc1 b2 26. Qxb2 e4 27. Qa2 $18) 25.
Rfb1 {/\ Nf3-d2:b3} Qc6 (25... e4 {Ftacnik} 26. Nd4 Bd6 27. Ne6 Bxh2+ (27...
Qc6 28. Qxc6 Bxc6 29. Bxc5 Bxc5 30. Rxb3+ Bb7 31. Rab1 $18) 28. Kh1 Nxe6 29.
Ba7+ Ka8 30. Bb6+ $18) (25... Bd6 {Ftacnik} 26. Nd2 Rxd2 27. Bxd2 e4 28. Be3
Bxh2+ 29. Kh1 Bd6 30. Ra5 $18) 26. Qc4 (26. Qxc6 {Ftacnik} Bxc6 27. Nd2 Kc7 $14
) (26. Qb4 {Ftacnik} Be7 27. Nd2 Rhd8 28. Nxb3 Nxb3 (28... Qa4 29. Qe1 Qe4 30.
Na5 $18) 29. Ba7+ Ka8 30. Qxb3 $18) 26... Be7 27. Nd2 Rhd8 28. Nxb3 Qa4 (28...
Nxb3 {Ftacnik} 29. Ba7+ (29. Qxc6 $6 Bxc6 30. Rxb3+ Rb5 $14) 29... Kc7 30. Qxb3
Bc5 31. Bxc5 Rxc5 32. Qf7+ Kb8 33. Qxh7 $18) 29. Nxc5 $1 (29. Qc2 Qe4 (29...
Qb5 {Ftacnik} 30. Na5 $18) (29... Qb4 30. Nxc5 Rxc5 31. Bxc5 Qxc5 32. Qa4 $18)
30. Nxc5 $1 $18) 29... Rd1+ (29... Qxc4 {Ftacnik} 30. Rxb7#) 30. Rxd1 Rxd1+ (
30... Qxc4 31. Rxd8+ Bxd8 32. Nd7+ Kc7 33. Rc1 $18) 31. Rxd1 Qxc4 (31... Qxd1+
32. Qf1) 32. Nd7+ (32. Nd7+ Kc7 (32... Ka8 33. Nb6+) 33. Bb6+ Kc6 34. Nxe5+ (
34. Nxe5+ {Ftacnik} Kxb6 35. Nxc4+ $18)) 1-0

[Event "BL2-Nord 9798"]
[Site "Germany"]
[Date "1998.??.??"]
[Round "5.2"]
[White "Hegeler, Frank"]
[Black "Lukacs, Peter"]
[Result "0-1"]
[WhiteElo "2330"]
[BlackElo "2515"]
[Annotator "Lukacs,P"]
[PlyCount "58"]
[EventDate "1997.10.??"]
[EventType "team-tourn"]
[EventRounds "9"]
[EventCountry "GER"]
[SourceTitle "CBM 065"]
[Source "ChessBase"]
[SourceDate "1998.08.06"]
[SourceVersion "1"]
[SourceVersionDate "1998.08.06"]
[SourceQuality "1"]
[WhiteTeam "Hamburger SK II"]
[BlackTeam "Luebeck"]
[WhiteTeamCountry "GER"]
[BlackTeamCountry "GER"]

1. d4 Nf6 2. c4 e6 3. Nf3 d5 4. Nc3 c6 5. e3 Nbd7 6. Bd3 dxc4 7. Bxc4 b5 8. Bd3
a6 9. e4 c5 10. d5 Qc7 11. dxe6 fxe6 12. O-O Bb7 13. Qe2 c4 14. Bc2 Bd6 15. Nd4
Qb6 $5 $146 {This is my novelty, which was first introduced in this game. 15...
Nc5 is also good, leading to level chances, see Karpov-Anand game.} (15... Nc5
{Karpov-Anand,FIDE-Wch 1998 CBM 63}) 16. Be3 {This is the natural reply.} (16.
e5 $2 {is tactically not justified :} Bxe5 17. Nf3 Bxf3 18. Qxf3 O-O $19) (16.
Nxe6 {The main idea of my novelty can be seen after this move.} Bxh2+ $1 {
weakens White's >>, and White's ^^ cannot dominate the board, while Black gets
sufficient counterplay.} 17. Kxh2 Qxe6 18. f3 (18. Kg1 O-O 19. f4 b4 20. f5 Qe7
$13) 18... O-O 19. Bf4 (19. Kg1 Nh5 $13) (19. Be3 Nh5 20. f4 $2 Qh6 $1 $17)
19... Nh5) 16... Bc5 17. Rad1 {This is the natural reply again.} (17. e5 $6
Bxd4 (17... Nxe5 18. Nxe6 Qxe6 19. Bxc5 Kf7) 18. exf6 Nxf6 19. Bxd4 Qxd4 20.
Qxe6+ Kf8 21. Rad1 {is not dangerous because of} Qc5 $13 22. Rfe1 (22. Ne4 $2
Bxe4 23. Bxe4 Re8 $19) 22... Re8 23. Qh3 Kf7 {and the black K is in safety
while the strong B on the long /^ and the P majority on the << offers Black
good chances.}) (17. Rfd1 $5 {comes into consideration with the idea of a4
after which the R on a1 promotes the a P.}) 17... Ne5 $6 (17... O-O {was
simpler, and Black can equalize without heavy complications.} 18. a4 (18. f3
Ne5 $13) (18. f4 e5 $13) (18. b3 Ne5 19. bxc4 Nxc4 $13) 18... b4 19. a5 Qxa5
20. Nxe6 (20. Qxc4 $2 bxc3 21. Nxe6 Bxe3 22. Nc5+ Kh8 23. Nxb7 Qb6 $19) 20...
Bxe3 (20... bxc3 $2 21. Nxc5 Nxc5 22. Qxc4+ Kh8 23. Bxc5 Rfc8 24. b4 $18) 21.
Nxf8 Rxf8 (21... Kxf8 $2 22. fxe3) 22. Qxc4+ Kh8 23. Nd5 Bc5 $13 {This is a
critical position in this line. Black has to pieces for the rook and a P, and
he has an active position.}) 18. b4 $1 {This is the strong reply, which was
underestimated in the game.} (18. h3 Rd8 $13) (18. f4 Neg4 $13) (18. a4 Nfg4 $1
19. a5 Qc7 $1 {/\ Bxd4 Nf3!} 20. Bf4 $1 Bxd4 21. Rxd4 Qc5 22. Rfd1 O-O 23. Bg3
b4 $13) 18... Bxb4 (18... cxb3 $2 {activates White's passive B and ><e6
becomes more vulnerable:} 19. Bxb3 Neg4 (19... Bc8 20. h3 $16) 20. Nxe6 Bxe3
21. fxe3 Qxe3+ (21... Nxe3 22. Qf2 $16) 22. Qxe3 Nxe3 23. Nxg7+ $18) 19. Ndxb5
$1 {This is the idea of 18.b4. White wants to exploit the weakness of the
black K in the middle.} Qa5 20. Nd6+ (20. f4 {is an interesting alternative,
which works well after} {but Black has to avoid the opening of the position by}
Nd3 $1 (20... axb5 $2 21. fxe5 Nd7 (21... Bxc3 22. exf6) 22. Rxd7 $1 Kxd7 23.
Rf7+ Kc8 24. Nd5 $1 exd5 25. Qg4+ $18 {Hegeler}) 21. e5 (21. Bxd3 $2 axb5)
21... axb5 22. exf6 O-O 23. fxg7 Rf7 $13) 20... Bxd6 21. Rxd6 O-O $8 (21...
Qxc3 $2 22. Bd4 $18) (21... Ke7 $6 22. Qd2 Qc7 23. Rd1 Nd3 (23... Rhd8 24. Rxd8
Rxd8 25. Bc5+ $16) 24. e5 $1 Nxe5 25. Bf4 $16) 22. Bd4 {At first sight this
natural move is OK.} ({More to the point is} 22. Bd2 $1 {playing against the
black Q.} Qc5 23. Rxe6 Bc8 24. Rxf6 $5 $44 {with good compensation for the
exchange.} (24. Be3 $2 Qa5) (24. Na4 Qc7 25. Rb6 {is the quiet approach, where
Black has to show something for the sacrificed material.})) 22... Nh5 $1 {
Black has to activate himself on the >>, otherwise White is clearly better.}
23. Nd5 $1 {closing the 5.th rank, otherwise the Q may become dangerous on the
>>.} (23. Qxh5 $4 Nf3+ $19) 23... Nf3+ 24. gxf3 exd5 25. f4 $4 $138 {This is
the fatal mistake, overlooking the horizontal motif!} (25. e5 Nf4 26. Qe3 Qc7
$13) (25. exd5 $1 Rae8 26. Qxc4 $1 ({On the seemingly strong} 26. Re6 $2 {
Black has to sacrifice a R, but the -> on the >> will be decisive:} Qxd5 $1 27.
Rxe8 Nf4 28. Qe5 Nh3+ $19) (26. Be4 Qc7 $17) 26... Qd2 {Black has to attack
with his Q.} (26... Rxf3 $2 27. Rd7 $1) 27. Qd3 $1 (27. Rd7 $2 Rc8 $1 28. Rc7 (
28. Qd3 Qxc2) 28... Qg5+ 29. Kh1 Bxd5 $19) 27... Qg5+ 28. Kh1 g6 29. Rd7 (29.
Rg1 $4 Qxg1+ $1 30. Kxg1 Re1+ 31. Kg2 Nf4+ 32. Kg3 Rg1+ 33. Kh4 g5#) 29... Rf7
(29... Bxd5 $2 30. Rxd5 $1 $18) 30. Rxf7 Kxf7 31. Be3 (31. Bb3 $2 Nf4 32. d6+
Kf8) 31... Qf6 32. Bd4 Qg5 $11) 25... dxe4 $19 26. Rb1 Nxf4 27. Qg4 Rf7 28.
Rdb6 Raf8 29. Kf1 Qd5 0-1

[Event "Hastings 9899"]
[Site "Hastings"]
[Date "1998.12.30"]
[Round "2"]
[White "Sadler, Matthew D"]
[Black "Fressinet, Laurent"]
[Result "1-0"]
[WhiteElo "2660"]
[BlackElo "2455"]
[Annotator "Lutz,C"]
[PlyCount "151"]
[EventDate "1998.12.29"]
[EventType "tourn"]
[EventRounds "9"]
[EventCountry "ENG"]
[EventCategory "13"]
[SourceTitle "CBM 069"]
[Source "ChessBase"]
[SourceDate "1999.04.01"]
[SourceVersion "1"]
[SourceVersionDate "1999.04.01"]
[SourceQuality "1"]

1. d4 d5 2. c4 c6 3. Nf3 Nf6 4. Nc3 e6 5. e3 Nbd7 6. Bd3 dxc4 7. Bxc4 b5 8. Bd3
Bb7 9. O-O a6 10. e4 c5 11. d5 Qc7 12. dxe6 fxe6 13. Bc2 Qc6 $5 $146 {[%mdl 8]
Dieser Zug ist eine weitere Idee von Alexej Dreev, zuerst gespielt in
Timman-Dreev (Elista ol). Im weiteren Verlauf stütze ich mich auf die
Anmerkungen Dreevs (in SCHACH 1/99 und im Informator 73) sowie die Anmerkngen
Sadlers (in SCHACH 2/99). Die schwarze Idee besteht darin, auf der Diagonalen
a8-h1 Gegendrohungen zu schaffen.} (13... c4) (13... Bd6) (13... Be7) (13...
O-O-O) 14. Qe2 (14. Bf4 Rd8 (14... Be7 $6 15. e5 Nd5 16. Be4 {Dreev}) 15. Qe2
Be7 16. Rad1 (16. e5 Nd5 {Dreev}) 16... O-O 17. Rfe1 (17. e5 Nh5 {Dreev}) 17...
Nh5 18. Bc1 Qb6 {Schwarz hat hier überhaupt keine Probleme mehr.} 19. Rxd7 Rxd7
20. Ne5 Nf6 21. Nxd7 Nxd7 22. e5 c4 23. Be3 Qc6 24. Be4 Qc8 25. Bc2 Qc6 26. Be4
Qc8 27. Bc2 Nc5 28. Rd1 $2 (28. a3 Qc7 $15) 28... b4 29. Qh5 Nd3 30. Ne2 Be4
$19 31. Nd4 Bc5 (31... Bg6 32. Qh3 Nxb2 33. Bxg6 hxg6 34. Rf1 Nd3 $19 {Dreev})
32. Bxd3 Bxd3 33. Qg4 Re8 34. h4 Qb7 35. b3 Bf8 36. h5 Qf7 37. Rd2 a5 {1/2-1/2
Timman,J-Dreev,A/Elista 1998/CBM 66 ext (37)}) (14. Re1 Bd6 {/\} 15. Ng5 Bc7
16. f4 O-O {Dreev}) (14. e5 $2 Nxe5 15. Nxe5 $4 Qxg2#) 14... Bd6 (14... Be7 $5
15. e5 Nd5 {/\} 16. Be4 $2 Nxc3 {Dreev}) 15. Ng5 Be5 16. f4 Bd4+ 17. Kh1 e5 18.
a4 (18. Nd5 $5 {ist Sadlers Vorschlag. Es droht Ne6.} Rc8 $5 (18... O-O $2 19.
Ne7+ $18) (18... Nxd5 $2 19. exd5 Qxd5 $2 20. Be4 $18) 19. fxe5 $5 {Weiß kommt
zu Angriffschancen, da der schwarze König in der Mitte stecken bleibt.}) 18...
Bxc3 19. axb5 axb5 20. Rxa8+ Bxa8 21. bxc3 O-O 22. c4 b4 23. Bb2 $14 {Weiß
steht etwas besser, da er Druck gegen e5 hat und eventuell seine
Bauernmehrheit am Königsflügel rollen lassen kann. Der gedeckte Freibauer auf
b4 fällt nicht so ins Gewicht.} Re8 24. Ra1 Qc7 25. f5 Nf8 26. Nh3 Bc6 27. Nf2
Qf7 28. g4 N6d7 29. Ra6 Bb7 30. Ra5 Rc8 31. Bb3 h6 32. Kg1 Nh7 33. Qe3 Qe7 34.
h3 Qg5 35. Bc1 Qd8 36. Ra2 Ra8 37. Rxa8 Qxa8 38. Bb2 Nhf6 39. h4 Nxe4 40. g5
Nxf2 41. Kxf2 Qf8 42. Qd3 Bc6 43. f6 gxf6 44. Qg6+ Kh8 45. Bc2 Qg7 46. Qe8+ Qg8
47. Qe7 Qg7 48. Qd6 Bb7 49. Bf5 Nf8 50. Qd8 hxg5 51. hxg5 Kg8 52. g6 Bc6 53.
Be6+ Kh8 54. Bc1 b3 55. Ba3 Qxg6 56. Qxf8+ Kh7 57. Qe7+ Kh8 58. Qf8+ Kh7 59.
Qe7+ Kh8 60. Qd8+ Be8 61. Qd1 Bc6 62. Qxb3 Qg2+ 63. Ke1 Qg1+ 64. Kd2 Qf2+ 65.
Kc1 Be4 66. Qd1 Bg6 67. Qd2 Qf1+ 68. Kb2 Qb1+ 69. Kc3 Qa1+ 70. Kb3 Qb1+ 71. Ka4
Kg7 72. Bxc5 Qa1+ 73. Kb5 Qa8 74. Qd7+ Kh6 75. Be3+ Kh5 76. Qd1+ 1-0

[Event "GER-ch 70th"]
[Site "Bremen"]
[Date "1998.11.11"]
[Round "6"]
[White "Huebner, Robert"]
[Black "Siegel, Georg"]
[Result "1-0"]
[WhiteElo "2575"]
[BlackElo "2495"]
[Annotator "Lutz,C"]
[PlyCount "75"]
[EventDate "1998.11.06"]
[EventType "swiss"]
[EventRounds "9"]
[EventCountry "GER"]
[SourceTitle "CBM 068"]
[Source "ChessBase"]
[SourceDate "1999.02.01"]
[SourceVersion "1"]
[SourceVersionDate "1999.02.01"]
[SourceQuality "1"]

1. d4 d5 2. c4 c6 3. Nc3 Nf6 4. Nf3 e6 5. e3 Nbd7 6. Bd3 dxc4 7. Bxc4 b5 8. Bd3
Bb7 9. O-O a6 10. e4 c5 11. d5 Qc7 12. dxe6 fxe6 13. Bc2 O-O-O {Drejews Idee,
welche dieser nach seiner Niederlage gegen Sadler (WchT Luzern) nicht mehr
angewandt hat.} 14. Ng5 Ne5 15. Qe2 Re8 16. Bf4 (16. f4 {1-0 Sadler,M-Dreev,A/
Lucerne 1997/CBM 62/[Lutz] (62)}) 16... Bd6 17. Rad1 Nf3+ $6 $146 ({Besser ist
} 17... Rhf8 {Landa,K-Galliamova Ivanchuk,A/Novgorod 1997/CBM 60/[Lutz]/1-0 
(77)}) 18. Nxf3 Bxf4 19. e5 Nd5 20. a4 {Weiß erhält einen Gratis-Angriff.} b4
21. Ne4 Bxe5 22. Nxe5 Qxe5 23. Qc4 Re7 24. Nxc5 (24. Qxc5+ $2 Rc7 25. Qd6 Qxd6
26. Nxd6+ Kd7 27. Nxb7 Rxc2) 24... Rc7 25. Be4 Rd8 26. Bxd5 {Weiß wickelt zu
einem günstigen Endspiel ab.} Rxd5 27. Rxd5 Qxd5 28. Qxd5 exd5 29. Rc1 a5 30.
f3 Ba6 31. Kf2 Bc4 32. Ne6 Re7 33. Nd4 Kb7 34. b3 Ba6 35. Rc5 Re5 36. h4 Kb6
37. Rc6+ Kb7 38. Rd6 {Die Aufgabe kommt etwas früh, allerdings macht die
schwarze Stellung nicht mehr viel Spaß.} (38. Rd6 Bd3 39. f4 $16 (39. Rd7+ $2
Kb6 40. Rxg7 Kc5 $132)) 1-0